000 00520nam a2200145 a 4500
008 120416s1978 ||||||||||||||||| || u
050 _aHD 9220 Ken
245 0 0 _aPackaging of horticultural products
260 _aNairobi
_bThe Authority
_c1978
350 _a0.00
650 _aINDUSTRY
650 _aHORTICULTURE--PACKAGING
650 _aHORTICULTURE
995 _D0.00
_FCBU-MAIN LIBRARY (Kitwe)
_H1
_I0.00
_M1
_UWEEDED
_VAug 29, 2017
_ZMain Library Open Access Collection
999 _c53065
_d53065